| 000 | 01721nam a2200349 a 4500 | ||
|---|---|---|---|
| 001 | ebr10236610 | ||
| 003 | CaPaEBR | ||
| 006 | m u | ||
| 007 | cr cn||||||||| | ||
| 008 | 061023s2007 enka sb 001 0 eng | ||
| 010 | _z 2006035213 | ||
| 015 |
_aGBA690290 _2bnb |
||
| 016 | 7 |
_z013584351 _2Uk |
|
| 020 | _z1405132426 (hbk. : alk. paper) | ||
| 020 | _z9781405132428 (hbk. : alk. paper) | ||
| 040 |
_aCaPaEBR _cCaPaEBR |
||
| 035 | _a(OCoLC)608622967 | ||
| 050 | 1 | 4 |
_aQD382.W3 _bH35 2007eb |
| 082 | 0 | 4 |
_a668.9 _222 |
| 084 |
_a51.70 _2bcl |
||
| 245 | 0 | 0 |
_aHandbook of industrial water soluble polymers _h[electronic resource] / _cedited by Peter A. Williams. |
| 260 |
_aOxford ; _aAmes, Iowa : _bBlackwell Pub., _c2007. |
||
| 300 |
_ax, 331 p. : _bill. |
||
| 504 | _aIncludes bibliographical references and index. | ||
| 505 | 0 | _aIntroduction -- Natural thickeners -- Acrylic polymers as rheology modifiers for water-based systems -- Gelling agents -- Emulsification and encapsulation -- Polymeric flocculants -- Polymer micelles : amphiphilic block and graft copolymers as polymeric surfactants -- Applications of water-soluble dendrimers -- Preparation, properties and applications of colloidal microgels -- Industrial water-soluble polymers in packaging. | |
| 533 |
_aElectronic reproduction. _bPalo Alto, Calif. : _cebrary, _d2013. _nAvailable via World Wide Web. _nAccess may be limited to ebrary affiliated libraries. |
||
| 650 | 0 | _aWater-soluble polymers. | |
| 655 | 7 |
_aElectronic books. _2local |
|
| 700 | 1 | _aWilliams, Peter A. | |
| 710 | 2 | _aebrary, Inc. | |
| 856 | 4 | 0 |
_uhttp://site.ebrary.com/lib/rucke/Doc?id=10236610 _zAn electronic book accessible through the World Wide Web; click to view |
| 999 |
_c36497 _d36497 |
||